000
00261nam a22001217a 4500
999
_c
534336
_d
534336
040
_c
MSOHAIL
082
_a
629.225
100
_a
NISTE
_9
13498
245
_a
Earth Moving Machinery
260
_a
Islamabad
_b
NISTE
_c
c2003
300
_a
196;p
942
_2
ddc
_c
BK